[Event "Montcalm V 2014-15"]
[Site "Quebec"]
[Date "2015.03.12"]
[Round "4"]
[White "Genest, Dominic"]
[Black "Pelletier, Sophie"]
[Result "1-0"]
[WhiteElo "1576"]
[BlackElo "1280"]
[PlyCount "57"]
[EventDate "2015.02.19"]
[EventType "swiss"]
[EventRounds "5"]
[EventCountry "CAN"]
[SourceTitle "EXT 2019"]
[Source "ChessBase"]
[SourceDate "2018.10.10"]
[SourceVersion "1"]
[SourceVersionDate "2018.10.10"]
[SourceQuality "1"]

1. c4 Nf6 2. Nc3 g6 3. g3 Bg7 4. Bg2 0-0 5. e3 Nc6 6. Nge2 e6 7. 0-0 d5 8. cxd5 exd5 9. d4 Re8 10. Nf4 Ne7 11. Bd2 c6 12. b4 Nf5 13. b5 Bh6 14. bxc6 bxc6 15. Nd3 Ba6 16. Qc2 Qc7 17. Rfc1 Bc4 18. Nb4 Ng4 19. Ncxd5 cxd5 20. Nxd5 Qc8 21. Qxc4 Qd7 22. h3 Nfxe3 23. Bxe3 Bxe3 24. fxe3 Kg7 25. hxg4 Rac8 26. Qa6 Rxc1+ 27. Rxc1 Qxg4 28. Qf6+ Kh6 29. Qf4+ 1-0

[Event "Charlesbourg Alekhine"]
[Site "Charlesbourg"]
[Date "2011.09.26"]
[Round "4"]
[White "Pelletier, Sophie"]
[Black "Lessard, Claude"]
[Result "0-1"]
[WhiteElo "1200"]
[BlackElo "2057"]
[PlyCount "52"]
[EventDate "2011.09.05"]
[EventType "swiss"]
[EventRounds "5"]
[EventCountry "CAN"]
[SourceTitle "EXT 2022"]
[Source "ChessBase"]
[SourceDate "2021.10.06"]
[SourceVersion "1"]
[SourceVersionDate "2021.10.06"]
[SourceQuality "1"]

1. d4 Nf6 2. Nf3 c5 3. Bf4 cxd4 4. Nxd4 e5 5. Bxe5 Qa5+ 6. Nc3 Qxe5 7. e3 Bb4 8. Qd3 Nc6 9. 0-0-0 Bxc3 10. Qxc3 0-0 11. f4 Qe4 12. Bd3 Nxd4 13. exd4 Qxf4+ 14. Kb1 d5 15. Rdf1 Qd6 16. h3 Ne4 17. Bxe4 dxe4 18. Qe3 Re8 19. g4 Bd7 20. c4 b5 21. c5 Qd5 22. Rf4 a5 23. b3 a4 24. b4 a3 25. g5 Ra4 26. Qe1 Qxd4 0-1

[Event "Quebec Montcalm op 5th"]
[Site "Quebec"]
[Date "2008.02.28"]
[Round "3"]
[White "Dumont, Eric"]
[Black "Pelletier, Sophie"]
[Result "1-0"]
[WhiteElo "1658"]
[BlackElo "1143"]
[PlyCount "30"]
[EventDate "2008.02.14"]
[EventType "swiss"]
[EventRounds "5"]
[EventCountry "CAN"]
[SourceTitle "EXT 2011"]
[Source "ChessBase"]
[SourceDate "2010.11.26"]
[SourceVersion "1"]
[SourceVersionDate "2010.11.26"]
[SourceQuality "1"]

1. g4 e5 2. Bg2 Bc5 3. c4 Qh4 4. e3 d6 5. h3 Nc6 6. Nf3 Qe7 7. Nc3 Be6 8. Qa4 Nf6 9. a3 Qd7 10. Ng5 0-0 11. Nxe6 fxe6 12. b4 Bb6 13. Bb2 e4 14. Nxe4 Ne5 15. Qc2 Qc6 1-0